| 000 | 01912nam a2200217Ia 4500 | ||
|---|---|---|---|
| 003 | Ost | ||
| 005 | 20260507075335.0 | ||
| 008 | 260507s9999||||xx |||||||||||||| ||und|| | ||
| 040 | _cfsecg | ||
| 041 | _aara | ||
| 082 | _a330 | ||
| 100 |
_aيوسف خطاب، عزمي أحمد _eمؤلف |
||
| 245 | 0 |
_aالضرائب و محاسبتها / _c عزمي أحمد يوسف خطاب |
|
| 260 |
_aعمان: _bدار الإعصار العلمي, _c2010 |
||
| 300 |
_a377 صفحة؛ _c25 سم |
||
| 520 | _aالتطور التاريخي للضرائب و مقومات النظام الضريبي ، تعريف الضريبة و خصائصها و الفرق بينها و بين الرسم و القواعد الأساسية للضرائب ، وعاء الضريبة و طرق تحديده و سعر الضريبة ، دور المعلومات المحاسبية في اتخاذ القرارات الاقتصادية ، المحاسبة المالية كمصدر للمعلومات المالية ، المعلومات المنتجة من المحاسبة المالية و أنواع الضرائب في الأردن ، تعريف الدخل و تحديد الربح المحاسبي و الربح الضريبي ، الدخول الخاضعة للضريبة أو مصادر الدخل و الدخول المعفاة من الضريبة ، النفقات الانتاجية المسموح بتنزيلها من الوعاء الضريبي ، أسعار الضريبة و تحديد ضريبة الدخل على مختلف المكلفين ، مراحل تقدير ضريبة الدخل و تحصيل ضريبة الدخل و الريادات ، العقوبات و الغرامات لعدم الامتثال للقانون و ×تاما قانون ضريبة الدخل الأردني | ||
| 653 | _aالضرائب | ||
| 653 | _aالضرائب- محاسبة | ||
| 653 | _aالمحاسبة | ||
| 942 | _cكتاب | ||
| 999 |
_c44038 _d44038 |
||